El Papel de las empresas pequeñas y medianas en el mejoramiento de la estructura productiva de los países en desarrollo /

En este artículo se centra la atención en la estructura del sistema productivo y las políticas que convienen para mejorarla, con particular referencia a las empresas medianas y pequeñas. Se dan informaciones y ejemplos concretos y derivados de la experiencia de Italia y de la función que de allí han...

Descripció completa

Guardat en:
Dades bibliogràfiques
Autor principal: Secchi, Carlo
Format: Text
Matèries:
Etiquetes: Afegir etiqueta
Sense etiquetes, Sigues el primer a etiquetar aquest registre!

MARC

LEADER 00000 a a2200000 04500
001 15769
003
040
100 |a Secchi, Carlo  
245 |a El Papel de las empresas pequeñas y medianas en el mejoramiento de la estructura productiva de los países en desarrollo /  |c Carlo Secchi 
520 |a En este artículo se centra la atención en la estructura del sistema productivo y las políticas que convienen para mejorarla, con particular referencia a las empresas medianas y pequeñas. Se dan informaciones y ejemplos concretos y derivados de la experiencia de Italia y de la función que de allí han desempeñado esas empresas. Desde este punto de vista, se sostiene, la experiencia italiana, mucho más que la de otros países industrializados, pueden ser de alto interés (como modelo de emulación y para conocer los errores que hay que evitar) para muchos países en desarrollo. REV//jmml  
650 |a EMPRESAS  
650 |a EMPRESAS MEDIANAS  
650 |a PEQUEÑAS EMPRESAS  
650 |a ESTRUCTURA ECONOMICA  
650 |a CRECIMIENTO ECONOMICO  
650 |a DESARROLLO ECONOMICO  
773 |g número 27; páginas 139-150  
999 |c 35104  |d 35104 
773 0 |0 18890  |9 6123  |a Comisión Económica para América Latina y el Caribe  |d Santiago, Chile: Comisión Económica para América Latina y el Caribe  |o MFN: 2120  |t Revista de la CEPAL /